000 00456nam a22001697a 4500
003 CEME
005 20210628203554.0
008 210317b xxu||||| |||| 00| 0 eng d
020 _a0-7494-1443-X
040 _c.
082 _a658.562 JAC'M
100 _aAshton, David , Jackson, Peter
_966318
245 _aManaging a quality system using bs-en-iso 9000 , formerly bs 5750
260 _aLONDON
_bKOGAN PAGE
_c1995
300 _a220P
942 _cBK
_2ddc
999 _c574300
_d574300